000 00617nam a2200205 4500
008 s2004 le fre u
040 _aLB-BrCRDP
082 1 _aG. EB4
_bCha
100 1 _aGabrielle, Debbas Chama'a
245 1 2 _aA nous les maths EB4
_bGuide Pédagogique
_cGabrielle, Debbas Chama'a
260 _aBeirut
_bHachette Edicef / librairie Antoine
_c2004
490 0 _aA nous les maths
650 4 _aRésolution de problèmes
650 4 _aArithmétique
650 4 _aGéométrie
650 4 _aMesures
650 4 _astatistique
942 _cBK
999 _c7984
_d7984